Die 10 größten Städte der Welt - Statistiken

Allgemein
  • Dieses Quiz wurde 222 mal gespielt
  • Das Durchschnittsergebnis liegt bei 6 aus 10
Antwortstatistiken
Einwohnerzahl Stadt % Korrekt
37,4 Mio. Tokio
96%
19,6 Mio. Peking
86%
25,5 Mio. Shanghai
70%
28,5 Mio. Neu Delhi
60%
21,5 Mio. Mexiko Stadt
58%
19,9 Mio. Mumbai
58%
21,6 Mio. Sao Paulo
49%
20,0 Mio. Kairo
43%
19,2 Mio. Osaka
29%
19,5 Mio. Dhaka
25%
Keine übereinstimmenden Quizze gefunden
Verteilung der Resultate
Anzahl Personen mit jedem Resultat
Perzentil nach korrekt beantworteten Fragen
Ihre Resultats-Entwicklung
Sie haben dieses Quiz noch nicht gespielt